Pays qui roulent à gauche - Statistiques

Statistiques générales
  • Ce quiz a été pris 894 fois
    831 depuis la dernière actualisation
  • Le résultat moyen est 30 sur 54
Réponses sur la Carte
Les réponses sont colorées sur une échelle allant du rouge au vert en fonction du pourcentage des utilisateurs qui les ont devinées à leur premier essai. Vous pouvez retrouver ces pourcentages ci-dessous.
 
Statistiques - réponses
Hint Hint Pays % Correct
377 86 Royaume-Uni
98%
683.0 342.0 Australie
92%
556 185.9 Inde
87%
363.0 82.5 Irlande
85%
776.7 391.9 Nouvelle-Zélande
85%
431 365 Afrique du Sud
78%
693.3 140.0 Japon
78%
635.5 264 Indonésie
76%
535.7 164.2 Pakistan
71%
583.0 181.8 Bangladesh
70%
608.0 207.9 Thaïlande
66%
610.3 247.2 Malaisie
65%
569.8 166.5 Népal
63%
444.0 360.5 Lesotho
62%
703.7 282.4 Papouasie-Nouvelle- Guinée
62%
562 235.3 Sri Lanka
62%
465.8 259.9 Kenya
61%
418 328 Namibie
60%
447.0 325.0 Zimbabwe
60%
435.0 336.1 Botswana
59%
782.9 320.1 Fidji
59%
451.3 350.1 Eswatini
58%
459.1 282.5 Tanzanie
58%
438 310 Zambie
58%
584.1 169.4 Bhoutan
57%
467 309.5 Mozambique
57%
545.9 248.9 Maldives
55%
506.5 276 Seychelles
53%
802.8 307.7 Samoa
51%
785 295.3 Tuvalu
51%
510.1 329.1 Île Maurice
50%
21.0 272.0 Kiribati
50%
798.1 328.7 Tonga
50%
209.0 180.9 Bahamas
49%
456.0 307.0 Malawi
49%
206 200.2 Jamaïque
48%
755 264 Nauru
48%
614.2 256.7 Singapour
48%
742.1 295.0 Salomon
47%
243.2 214.6 Sainte-Lucie
43%
453.1 256.6 Ouganda
42%
239.4 203.4 Saint-Christophe- et-Niévès
42%
241.4 204.0 Antigua-et-Barbuda
41%
246.5 217.0 Barbade
41%
412.9 141.1 Malte
40%
242.7 216.8 Saint-Vincent-et-les- Grenadines
40%
242.5 226.6 Trinité-et-Tobago
37%
242.4 209.5 Dominique
36%
241.6 220.6 Grenade
36%
638.6 246.1 Brunei
34%
455.3 143.7 Chypre
32%
664.3 290.8 Timor Oriental
31%
248 242 Guyana
29%
254.4 248.1 Suriname
24%
Aucun quiz correspondant
Distribution des résultats
% des personnes avec chaque résultat
Percentile par nombre de réponses
Votre historique - résultats
Vous n’avez pas pris ce quiz depuis la dernière actualisation